MARC

LEADER 00000nam0a2200000 4500
001 672030
005 20240403151539.0
035 |a (RuTPU)RU\TPU\book\134765 
090 |a 672030 
100 |a 20240402d1930 km|y0rusy50 ca 
101 0 |a rus 
102 |a RU 
105 |a a z 001zy 
181 0 |a i   |b  e  
182 0 |a n 
183 0 |a nc  |2 RDAcarrier 
200 1 |a Индукция трубы. Экспериментальное исследование  |f Центральный аэрогидродинамический институт ; Ф. Г. Гласс 
210 |a Москва  |c Государственное техническое издательство  |d 1930 
215 |a 24 с.  |c ил. 
225 1 |a Труды Центрального аэро-гидродинамического института  |v Вып. 55(381) 
283 |a volume 
606 |a Аэродинамические установки  |2 stltpush  |3 (RuTPU)RU\TPU\subj\29887  |9 53119 
610 1 |a вихревая теория 
610 1 |a границы потока 
610 1 |a аэродинамическая труба 
610 1 |a лобовое сопротивление 
610 1 |a крыло 
610 1 |a закрытая труба 
610 1 |a результаты 
675 |a 533.6.07  |v 3 
700 |a Гласс  |b Ф. Г. 
712 0 2 |a Центральный аэрогидродинамический институт (ЦАГИ)  |c (Москва)  |3 (RuTPU)RU\TPU\col\4446 
801 1 |a RU  |b 63413507  |c 20240403  |g PSBO 
801 2 |a RU  |b 63413507  |c 20240403  |g PSBO 
942 |c CR